000 00648nam a2200217Ia 4500
005 20250508165139.0
008 008 250505s9999 xx 000 0 eng d
020 _a978-0-415-57092-3
037 _aTextual
040 _aFEDL
_beng
_cFEDL
041 _aeng
_2eng
084 _a001.42, FEN
_qFEDL
100 _aFenwick Tara
_9779984
245 0 _aEmerging approaches to educational research: Tracing the sociomaterial
260 _aLondon, UK
_bRoutledge
_c2011
300 _axi,215p.
365 _aGBP
_b24.99
700 _a Edwards Richard Sawchuk Peter
_9779985
942 _cTEXL
_h001.42, FEN
999 _c1393421
_d1393421